Controlling: concepts of management control, controllership, and ratios

Zapisane w:
Opis bibliograficzny
1. autor: Reichmann, Thomas (Autor)
Format: Książka
Język:angielski
Wydane: Berlín Springer 1997
Hasła przedmiotowe:
Etykiety: Dodaj etykietę
Nie ma etykietki, Dołącz pierwszą etykiete!

MARC

LEADER 00000nam a2200000 a 4500
001 UCS6652
003 CL-VaPUC
008 970926e19970000GW |||||||||||||||||eng|d
082 0 4 |a 629.8  |b REI  |2 21 
100 0 |a Reichmann, Thomas  |e author  |9 392012 
245 1 0 |a Controlling: concepts of management control, controllership, and ratios 
300 |a 338 p 
942 |c BK 
945 |d 19970926 00:00:00  |a rleighto 
260 |a Berlín  |b Springer  |c 1997 
650 0 |a Control automático  |9 259890 
650 7 |a SISTEMAS DE CONTROL AUTOMATICO  |2 CL-VaPUC  |9 392013 
650 0 |a Sistemas de información   |9 260286 
583 |a last modification  |c 19970926 00:00:00  |k Rodrigo Vera 
999 |c 262290  |d 262288 
952 |0 0  |1 0  |4 0  |6 629_800000000000000_REI_1997  |7 0  |8 A  |9 290577  |a BIBING  |b BIBING  |d 2019-11-19  |i 3350142  |o 629.8 REI 1997  |p 3350142  |r 2025-01-20  |w 2019-11-19  |y BK  |k EII